Uplatňování daně z přidané hodnoty v cestovním ruchu v tuzemsku.

Metodický pokyn Ministerstva financií ČR v r. 1993. Platitelia dane z pridanej hodnoty (DPH). Miesto plnenia, uskutočnenie zdaniteľného plnenia a vznik daňovej povinnosti. Sadzby, základ a výpočet DPH. Uplatňovanie DPH v jendotlivých oblastiach cestovného ruchu.

Saved in:
Bibliographic Details
Main Author: Klak, J.
Format: Book Chapter
Language:Czech
Subjects:
Tags: Add Tag
No Tags, Be the first to tag this record!

MARC

LEADER 00000naa a2200000 4500
001 r013305
005 20221213090135.2
041 0 |a cze 
044 |a SK 
245 1 0 |a Uplatňování daně z přidané hodnoty v cestovním ruchu v tuzemsku.  |c J. Klak 
520 |a Metodický pokyn Ministerstva financií ČR v r. 1993. Platitelia dane z pridanej hodnoty (DPH). Miesto plnenia, uskutočnenie zdaniteľného plnenia a vznik daňovej povinnosti. Sadzby, základ a výpočet DPH. Uplatňovanie DPH v jendotlivých oblastiach cestovného ruchu. 
610 2 0 |a dane z hodnoty pridanej 
610 2 0 |a ruch cestovný 
610 2 0 |a Čechy 
610 2 0 |a predpisy právne 
610 2 0 |a 1993 
100 1 |a Klak, J.